| Tag |
First Indicator |
Second Indicator |
Subfields |
| LEADER |
00000cam a2200000Ma 4500 |
| 001 |
in00002781933 |
| 006 |
m o d |
| 007 |
cr cn||||||||| |
| 008 |
120819s2013 flua ob 001 0 eng d |
| 005 |
20250816212932.3 |
| 010 |
|
|
|z 2012014572
|
| 020 |
|
|
|z 9781466504288
|
| 020 |
|
|
|z 9781466504257 (hardback)
|
| 035 |
|
|
|a (OCoLC)ocn808339527
|
| 035 |
|
|
|a (NhCcYBP)ebr10574377
|
| 035 |
|
|
|a (OCoLC)808339527
|
| 040 |
|
|
|a E7B
|c E7B
|d TXA
|d UtOrBLW
|
| 049 |
|
|
|a TXAM
|
| 050 |
|
4 |
|a QA276
|b .I58 2013eb
|
| 082 |
0 |
4 |
|a 519.5
|2 23
|
| 245 |
0 |
0 |
|a Interval-censored time-to-event data :
|b methods and applications /
|c edited by Ding-Geng (Din) Chen, Jianguo Sun, Karl E. Peace.
|
| 264 |
|
1 |
|a Boca Raton :
|b Chapman and Hall/CRC,
|c 2013.
|
| 300 |
|
|
|a 1 online resource (xxviii, 396 pages :) :
|b illustrations
|
| 336 |
|
|
|a text
|b txt
|2 rdacontent
|
| 337 |
|
|
|a computer
|b c
|2 rdamedia
|
| 338 |
|
|
|a online resource
|b cr
|2 rdacarrier
|
| 490 |
1 |
|
|a Chapman & Hall/CRC biostatistics series ;
|v 52
|
| 520 |
|
|
|a "Preface The aim of this book is to present in a single volume an overview and latest developments in time-to-event interval-censored methods along with application of such methods. The book is divided into three parts. Part I provides an introduction and overview of time-to-event methods for interval-censored data. Methodology is presented in Part II. Applications and related software appear in Part III. Part I consists of two chapters. In Chapter 1, Sun and Li present an overview of recent developments, with attention to nonparametric estimation and comparison of survival functions, regression analysis, analysis of multivariate clustered- and analysis of competing risks interval-censored data. In Chapter 2, Yu and Hsu provide a review of models for interval-censored (IC) data, including: independent interval censorship models, the full likelihood model, various models for C1, C2, and MIC data as well as multivariate IC models. Part II consists of seven chapters (3-9). Chapters 3, 4 and 5 deal with interval-censored methods for current status data. In Chapter 3, Banerjee presents: likelihood based inference, more general forms of interval censoring, competing risks, smoothed estimators, inference on a grid, outcome misclassi- cation, and semiparametric models. In Chapter 4, Zhang presents regression analyses using the proportional hazards model, the proportional odds model, and a linear transformation model, as well as considering bivariate current status data with the proportional odds model. In Chapter 5, Kim, Kim, Nam and Kim develop statistical analysis methods for dependent current status data and utilize the R Package CSD to analyze such data"--
|c Provided by publisher.
|
| 504 |
|
|
|a Includes bibliographical references and index.
|
| 505 |
0 |
|
|a I. Introduction and Overview; 1. Overview of Recent Developments for Interval-Censored Data; 2. A Review of Various Models for Interval-Censored Data; II. Methodology; 3. Current Status Data in the Twenty-First Century; 4. Regression Analysis for Current Status Data; 5. Statistical Analysis of Dependent Current Status Data; 6. Bayesian Semiparametric Regression Analysis of Interval- Censored Data with Monotone Splines; 7. Bayesian Inference of Interval-Censored Survival Data; 8. Targeted Minimum Loss-Based Estimation of a Causal Effect Using Interval-Censored Time-to-Event Data; 9. Consistent Variance Estimation in Interval-Censored Data; III. Applications and Related Software; 10. Bias Assessment in Progression-Free Survival Analysis; 11. Bias and Its Remedy in Interval-Censored Time-to-Event Applications; 12. Adaptive Decision Making Based on Interval-Censored Data in a Clinical Trial to Optimize Rapid Treatment of Stroke; 13. Practical Issues on Using Weighted Logrank Tests; 14. glrt - New R Package for Analyzing Interval-Censored Survival Data.
|
| 500 |
|
|
|a Electronic resource.
|
| 650 |
|
0 |
|a Failure time data analysis.
|
| 650 |
|
0 |
|a Survival analysis (Biometry)
|
| 650 |
|
0 |
|a Clinical trials
|x Statistical methods.
|
| 655 |
|
7 |
|a Electronic books.
|2 local
|
| 700 |
1 |
|
|a Chen, Ding-Geng.
|
| 700 |
1 |
|
|a Sun, Jianguo,
|d 1961-
|
| 700 |
1 |
|
|a Peace, Karl E.,
|d 1941-
|
| 710 |
2 |
|
|a ebrary, Inc.
|
| 830 |
|
0 |
|a Chapman & Hall/CRC biostatistics series ;
|v 52.
|
| 856 |
4 |
0 |
|u https://ebookcentral.proquest.com/lib/tamucs/detail.action?docID=952041
|y Connect to the full text of this electronic book
|t 0
|
| 948 |
|
|
|a cataloged
|b h
|c 2013/11/15
|d c
|e jlanham
|f 2:14:00 pm
|
| 994 |
|
|
|a C0
|b TXA
|
| 999 |
f |
f |
|s c57c6179-1bbe-334f-95a2-7e10af665bf9
|i 058ed444-2177-3206-b4c9-0677140b061c
|t 0
|
| 999 |
|
|
|a MARS
|
| 952 |
f |
f |
|a Texas A&M University
|b College Station
|c Electronic Resources
|d Available Online
|t 0
|e QA276 .I58 2013eb
|h Library of Congress classification
|
| 998 |
f |
f |
|a QA276 .I58 2013eb
|t 0
|l Available Online
|